Science Quiz

Random Science or Animal Quiz

Click the Correct Animal Quiz Stats

 Plays Quiz Updated Mar 10, 2016

Score 0/24 Timer 05:00
12 Plays Today
% Correct
Bald Eagle
91.7%
Golden Eagle
88.9%
Monarch Butterfly
87.9%
Cheetah
86.6%
Python
86.5%
Proboscis Monkey
86%
Rattlesnake
85.2%
Whale Shark
82.5%
Harpy Eagle
80.2%
Sun Bear
79.9%
Great White Shark
79.8%
Blackbuck
78.8%
% Correct
Jaguar
78.5%
Milk Snake
76.2%
Spectacled Bear
75.2%
Leopard
73.6%
Tiger Shark
73.4%
Comma Butterfly
69.8%
Mandrill
68.3%
Thomson's Gazelle
67.1%
Sloth Bear
65.4%
Baboon
62.9%
Impala
62.1%
Red Admiral Butterfly
59.2%

You're not logged in!

Compare scores with friends on all Sporcle quizzes.
OR
Log In

You Might Also Like...

Show Comments

Extras

Top Quizzes Today


Score Distribution

Your Account Isn't Verified!

In order to create a playlist on Sporcle, you need to verify the email address you used during registration. Go to your Sporcle Settings to finish the process.

Report this User

Report this user for behavior that violates our Community Guidelines.

Details: